00885nam a22001817a 4500999001500000003000400015008004100019100003000060245004200090250001300132260002200145300000900167650008600176942001200262952014300274952014300417952014300560 c8894d8894OSt200713b ||||| |||| 00| 0 eng d aPatil , Akshay Shashikant aText Book of Physical Pharmaceutics-2 a1st 2019 aNew DelhibNirali aMisc aPharmaceutics- Drug Delivery Systems,Pharmaceutical Engineering regulraty Science 2ddccBK 00102ddc40708BPaPIETbPIETd2020-02-13eKirti PrakashanfRupeesg90.00kIN6397l0pBP1424r2020-07-13 00:00:00v66.60w2020-02-13yBK 00102ddc40708BPaPIETbPIETd2020-02-13eKirti PrakashanfRupeesg90.00kIN6397l0pBP1425r2020-07-13 00:00:00v66.60w2020-02-13yBK 00102ddc40708BPaPIETbPIETd2020-02-13eKirti PrakashanfRupeesg90.00kIN6397l0pBP1426r2020-07-13 00:00:00v66.60w2020-02-13yBK